| 000 | 01635nam a2200397Ia 4500 | ||
|---|---|---|---|
| 001 | vtls003173615 | ||
| 003 | MY-SjTCS | ||
| 005 | 20200226112134.0 | ||
| 006 | m u | ||
| 007 | cr cn||||||||| | ||
| 008 | 100712s2004 si a sb 000 0 eng d | ||
| 020 | _z9812387609 | ||
| 020 | _z9812387722 (pbk.) | ||
| 035 | _a(CaPaEBR)ebr10088378 | ||
| 039 | 9 |
_y201007121431 _zVLOAD |
|
| 040 |
_aCaPaEBR _cCaPaEBR |
||
| 050 | 1 | 4 |
_aQC793.3.S87 _bN45 2004eb |
| 100 | 1 |
_aNelson, David R., _d1951- |
|
| 245 | 1 | 0 |
_aStatistical mechanics of membranes and surfaces _h[electronic resource] / _c[David R. Nelson ... [et al.]] ; edited by D. Nelson, T. Piran, S. Weingerg. |
| 250 | _a2nd ed. | ||
| 260 |
_aSingapore ; _aRiver Edge, N.J. : _bWorld Scientific, _cc2004. |
||
| 300 |
_axvi, 426 p. : _bill. |
||
| 504 | _aIncludes bibliographical references. | ||
| 529 | _aTSLHHL | ||
| 533 |
_aElectronic reproduction. _bPalo Alto, Calif. : _cebrary, _d2009. _nAvailable via World Wide Web. _nAccess may be limited to ebrary affiliated libraries. |
||
| 650 | 0 |
_aSurfaces (Physics) _xStatistical methods. |
|
| 650 | 0 |
_aMembranes (Technology) _xStatistical methods. |
|
| 650 | 0 |
_aInterfaces (Physical sciences) _xStatistical methods. |
|
| 650 | 0 |
_aStatistical mechanics. _925563 |
|
| 655 | 7 |
_aElectronic books. _2local |
|
| 700 | 1 |
_aNelson, David R., _d1951- |
|
| 700 | 1 |
_aPiran, Tsvi, _d1949- |
|
| 700 | 1 | _aWeingerg, S. | |
| 710 | 2 |
_aebrary, Inc. _925628 |
|
| 856 | 4 | 0 |
_uhttps://ezproxy.taylors.edu.my/login?url=http://site.ebrary.com/lib/taylorscollege/Doc?id=10088378 _zAn electronic book accessible through the World Wide Web; click to view |
| 999 | _c90517 | ||